| 000 | 00800nam a2200253 a 4500 | ||
|---|---|---|---|
| 001 | BRCA_4668 | ||
| 005 | 20190320204746.0 | ||
| 008 | 300910s2004----sp-a######---#000-0#spa-# | ||
| 020 | _a8496408000 | ||
| 041 | _aspa | ||
| 044 | _asp | ||
| 050 | 4 |
_aPQ6398 _b.V55 2004 |
|
| 100 | 1 |
_aVillaquirán, Juan de _911834 |
|
| 245 | 1 | 0 |
_aPolindo _b(Toledo, 1526) : guía de lectura _cJuan de Villaquirán y Juan Luis Suárez. |
| 260 |
_aAlcalá de Henares [España] _bCentro de Estudios Cervantinos _c2004 |
||
| 300 |
_a102 p. _c24 cm. |
||
| 440 | 0 |
_aGuías de lectura caballeresca _v22 _911835 |
|
| 500 | _aIncluye índice genral de la colección | ||
| 504 | _aBibliografía: p. [97] | ||
| 650 | 1 | 4 |
_aLiteratura _zEspaña _911836 |
| 700 | 1 |
_aSuárez, Juan Luis _911837 |
|
| 902 | _aCERV | ||
| 942 |
_2lcc _cB |
||
| 999 |
_c4369 _d4369 |
||